00229nam a2200085Ia 450000100070000000500170000700800410002424500520006526000260011764699020250826153653.0250824s9999 xx 000 0 und d 0aELEKTİRİĞİN YOLCULUĞUcAnastasia Suen bTÜBİTAK YAYINLARI